<?xml version="1.0" encoding="UTF-8"?>
<marc:record xmlns:marc="http://www.loc.gov/MARC21/slim">
   <marc:leader>00000nam a2200000 a 4500</marc:leader>
   <marc:datafield ind1="1" ind2=" " tag="100">
      <marc:subfield code="a">Gréban, Quentin</marc:subfield>
      <marc:subfield code="4">aut</marc:subfield>
      <marc:subfield code="e">Verfasser/-in</marc:subfield>
   </marc:datafield>
   <marc:datafield ind1=" " ind2=" " tag="653">
      <marc:subfield code="a">Bilderbücher</marc:subfield>
   </marc:datafield>
   <marc:datafield ind1="0" ind2="0" tag="245">
      <marc:subfield code="a">Habt ihr schon vom Wolf gehört?</marc:subfield>
   </marc:datafield>
   <marc:datafield ind1="0" ind2="0" tag="245">
      <marc:subfield code="c">Gréban, Quentin</marc:subfield>
   </marc:datafield>
   <marc:datafield ind1=" " ind2="1" tag="264">
      <marc:subfield code="a">München</marc:subfield>
      <marc:subfield code="b">dtv Verlagsgesellschaft</marc:subfield>
      <marc:subfield code="c">2023</marc:subfield>
   </marc:datafield>
   <marc:datafield ind1=" " ind2=" " tag="250">
      <marc:subfield code="a">1. Auflage</marc:subfield>
   </marc:datafield>
   <marc:datafield ind1="1" ind2=" " tag="520">
      <marc:subfield code="a">Glaube nicht alles, was du hörst!&#xD;
Eine Wölfin trifft auf ein kleines Lamm, das seine Herde verloren hat, und lächelt es freundlich an. Das verängstigte Lämmchen aber sieht nur gebleckte Zähne und flüchtet zu den Schweinen. Diesen berichtet es, dass es von einem bösen Wolf angeknurrt wurde. Wie ein Lauffeuer verbreitet sich die Nachricht und jedes Tier schmückt die Geschichte noch etwas weiter aus, macht den Wolf noch größer, noch gefährlicher und noch schrecklicher. Als schließlich die Wölfin von dem bösen Monster hört, bekommt sie es mit der Angst zu tun. Ahnungslos, dass sie selber damit gemeint ist, flüchtet sie mit ihren Jungen. Eine humorvolle Geschichte zum Thema Vorurteile und Missverständnisse.</marc:subfield>
   </marc:datafield>
   <marc:datafield ind1=" " ind2=" " tag="020">
      <marc:subfield code="a">9783423764575</marc:subfield>
      <marc:subfield code="9">9783423764575</marc:subfield>
   </marc:datafield>
   <marc:datafield ind1=" " ind2=" " tag="020">
      <marc:subfield code="a">3423764570</marc:subfield>
      <marc:subfield code="9">3423764570</marc:subfield>
   </marc:datafield>
   <marc:datafield ind1=" " ind2=" " tag="041">
      <marc:subfield code="a">ger</marc:subfield>
   </marc:datafield>
   <marc:datafield ind1=" " ind2=" " tag="338">
      <marc:subfield code="a">Band</marc:subfield>
   </marc:datafield>
   <marc:datafield ind1=" " ind2=" " tag="300">
      <marc:subfield code="a">32 Seiten</marc:subfield>
   </marc:datafield>
</marc:record>
